Statistics for Nobody's Perfect - Jessie J (All Lyrics)

Click here to take the quiz!

General Stats

  • This quiz has been taken 245 times
    (162 since last reset)
  • The average score is 371 of 498

Answer Stats

Answer% Correct
I
98%
a
95%
no
93%
No.
93%
no.
93%
the
92%
to
91%
perfect,
89%
perfect.
89%
perfect
89%
you
89%
you,
89%
you.
89%
me,
88%
me
88%
that
86%
this
86%
This
86%
I'm
85%
it
85%
it.
85%
my
84%
nobody's
84%
so
84%
So
84%
and
83%
And
83%
have
83%
like
83%
do
81%
be
80%
can't
80%
for
80%
up,
80%
up.
80%
When
80%
is
79%
It's
79%
it's
79%
just
79%
never
79%
about
78%
too
77%
in
76%
much.
76%
tell
76%
thing
76%
yeah.
76%
Yeah.
76%
yeah
76%
love
75%
hell
74%
hurt
74%
nervous,
73%
shut
73%
time
73%
time,
73%
of
72%
talk
72%
cause
71%
fuck
71%
that's
71%
but
70%
But
70%
down.
70%
feel
70%
meant
70%
seem
70%
wanna
70%
we
70%
know
68%
learn
68%
let
68%
loved.
68%
where
68%
around,
67%
bad
67%
hate
67%
lose
67%
need
67%
people
67%
Don't
66%
don't
66%
forget
66%
one
66%
senses.
66%
Sometimes
66%
anyone
65%
back
65%
had
65%
lesson
65%
moment
65%
someone,
65%
think
65%
listen.
64%
minute
64%
treat
64%
comes
63%
consequences,
63%
karma
63%
made
62%
mouth
62%
now
62%
oh
62%
Oh.
62%
oh.
62%
guess
61%
start
61%
there
61%
heat
59%
learned.
59%
forgive
58%
hurting,
58%
hurting
58%
If
57%
if
57%
broken.
56%
could
56%
trust
56%
who'll
56%
words
56%
flowing,
55%
turn
55%
starts
54%
line.
53%
would
53%
hands
52%
swear
51%
world
51%
going,
50%
crossed
47%
not
47%
I'll
46%
all.
45%
from
45%
should
45%
us,
45%
eyes,
44%
what
44%
with
44%
feeling,
43%
keep
43%
kept
43%
at
42%
between
42%
tears
42%
sit
41%
went
41%
did
40%
did,
40%
falling
40%
gonna
40%
how
40%
whole
40%
again
39%
realise
39%
told
39%
these
38%
promise
37%
try.
37%
wasn't
37%
cool.
35%
forever,
35%
saint,
35%
gotta
34%
change
33%
she's
31%
hey.
19%

Score Distribution

Percentile by Number Answered

Percent of People with Each Score

Your Score History

You have not taken this quiz since the last reset